00557nam a22001937a 450000500170000001000130001702000220003003500130005203700160006504000120008108200150009324500890010826000600019727000140025730000230027165000210029465000260031570000220034120170124110033.0 aB-182378 a1403926689c00.00 aB-182378 bCen Lib/Ret aDPLbEN a332.1bGEN aGenral banking management :cby Gaurang Vasavada...[et al.]bfor CAIIB examination / aNew DelhibIndian Institute of Banking & Finance c2005 bNew Delhi ax, 740p.c23cm(Hb) aBanking zIndia  aFinancial management  aVasvada, Gaurang